The cultural frontier of health in village India; (Record no. 88835)
[ view plain ]
| 000 -LEADER | |
|---|---|
| fixed length control field | 00659cam a22002171 4500 |
| 001 - CONTROL NUMBER | |
| control field | sa 68019131 |
| 003 - CONTROL NUMBER IDENTIFIER | |
| control field | DLC |
| 005 - DATE AND TIME OF LATEST TRANSACTION | |
| control field | 20260227112717.0 |
| 008 - FIXED-LENGTH DATA ELEMENTS--GENERAL INFORMATION | |
| fixed length control field | 711215s1967 ii b b 00000 eng |
| 010 ## - LIBRARY OF CONGRESS CONTROL NUMBER | |
| LC control number | sa 68019131 //r84 |
| 025 ## - OVERSEAS ACQUISITION NUMBER | |
| Overseas acquisition number | PL480:I-E-8648 |
| 043 ## - GEOGRAPHIC AREA CODE | |
| Geographic area code | a-ii--- |
| 050 0# - LIBRARY OF CONGRESS CALL NUMBER | |
| Classification number | RA741 |
| Item number | .H38 |
| 100 10 - MAIN ENTRY--PERSONAL NAME | |
| Personal name | Hasan, Khwaja Arif. |
| 245 14 - TITLE STATEMENT | |
| Title | The cultural frontier of health in village India; |
| Remainder of title | case study of a north Indian village. |
| Statement of responsibility, etc. | Foreword by Hugh R. Leavell. |
| 260 0# - PUBLICATION, DISTRIBUTION, ETC. | |
| Place of publication, distribution, etc. | Bombay, |
| Name of publisher, distributor, etc. | Manaktalas |
| Date of publication, distribution, etc. | [1967] |
| 300 ## - PHYSICAL DESCRIPTION | |
| Extent | xvi, 233 p. |
| Other physical details | fold. map. |
| Dimensions | 23 cm. |
| 350 ## - PRICE (NR) (BK AM CF MU VM SE) [OBSOLETE] | |
| Price | Rs28 |
| 504 ## - BIBLIOGRAPHY, ETC. NOTE | |
| Bibliography, etc. note | Bibliography: p. 221-228. |
| 650 #0 - SUBJECT ADDED ENTRY--TOPICAL TERM | |
| Topical term or geographic name entry element | Public health |
| Geographic subdivision | India. |
No items available.